00395nam a2200157Ia 4500008004100000020001500041041001200056082001600068100001600084245007600100250000800176260002200184300000800206650000700214700001600221221030s9999 xx 000 0 und d a0070482950 aEnglish a105.23bSud aA. Sudhakar 0aCircuits & Networks : Analysis & Synthesiscby A. Sudhakar, S. S. Palli a2nd bTMHaNew Delhic0 a831 aEE aS. S. Palli